000 01321cam a2200313 a 4500
001 14620572
003 OSt
005 20240621115846.0
008 061102r20071971nyua b 001 0 eng
010 _a 2006047008
020 _a0486458873 (pbk.)
020 _a9780486458878 (pbk.)
035 _a(OCoLC)ocm75088026
035 _a(OCoLC)75088026
040 _aDLC
_cMUST
_dYDX
_dBAKER
_dBTCTA
_dYDXCP
_dDLC
082 0 0 _a532.05 MEY 1999
100 1 _aMeyer, Richard E.,
_d1919-
_917573
245 1 0 _aIntroduction to mathematical fluid dynamics /
_cRichard E. Meyer.
250 _aDpver ed.
260 _aMineola, N.Y. :
_bDover Publications,
_c1999.
300 _avi, 184 p. :
_bill. ;
_c22 cm.
500 _a"This Dover edition, first published in 2007, is an unabridged republication of the 1982 Dover reprint of the work originally published in 1971 by John Wiley & Sons, Inc., New York"--T.p. verso.
504 _aIncludes bibliographical references (p. 175-177) and index.
650 0 _aFluid dynamics.
_94940
856 4 2 _3Publisher description
_uhttp://www.loc.gov/catdir/enhancements/fy0705/2006047008-d.html
906 _a7
_bcbc
_corignew
_d1
_eocip
_f20
_gy-gencatlg
942 _2ddc
_cO_SHELF
999 _c8692
_d8692